| 000 | 01237nam a22003617a 4500 | ||
|---|---|---|---|
| 001 | 000045179 | ||
| 003 | CHAP | ||
| 005 | 20220329135922.0 | ||
| 008 | 971013s1961 r 00010 d | ||
| 010 | _a44120 | ||
| 011 | _a45092 | ||
| 035 | _a49231 | ||
| 040 | _cCHAP | ||
| 090 | _aFolleto 2797 | ||
| 100 | 0 | 0 |
_aRamírez Genel, Marcos. _994023 |
| 245 | 1 | 0 | _aProteja sus granos almacenados del ataque de insectos y ratas. |
| 260 |
_aChapingo, Méx. : _bENA. Departamento de Promoción y Divulgación, _c1961. |
||
| 300 | _a3 p. | ||
| 590 |
_aBATCH-UPD _b10 _c20130110 _lUCH01 _h1204 |
||
| 590 |
_aBATCH-UPD _b10 _c20130410 _lUCH01 _h0746 |
||
| 590 |
_aBATCH-UPD _b10 _c20130914 _lUCH01 _h0913 |
||
| 590 |
_aCONVERSION _b10 _c20130109 _lUCH01 _h1324 |
||
| 590 |
_aE5995AHE _b05 _c20150203 _lUCH01 _h1422 |
||
| 650 | 1 | 4 |
_aCereales _xAlmacenamiento. _921373 |
| 901 | _aBK | ||
| 942 | _cFOLL | ||
| 942 | _n0 | ||
| 949 |
_aFolleto 2797 _bBC _cFOLL _d-111136 _eTS1 _i49231 _si |
||
| 949 |
_aFolleto 2797 _bBC _cFOLL _d-111137 _eTS2 _fc.2 _i49231 _si |
||
| 949 |
_aFolleto 2797 _bBC _cFOLL _d-111138 _eTS2 _fc.3 _i49231 _si |
||
| 949 |
_aFolleto 2797 _bBC _cFOLL _d-111139 _eTS2 _fc.4 _i49231 _si |
||
| 949 |
_aFolleto 2797 _bBC _cUACH _d-111141 _eUACH _fc.5 _i49231 _si |
||
| 999 |
_c44120 _d44120 |
||